• 首页
  • 本馆介绍
  • 公告通知
  • 最新文献
  • 馆藏检索
  • 电子资源
  • 读者导购
  • 参考咨询
  • 我的图书馆
  • 登录
  • 详细信息显示
  • 放入我的书架
  • 预约/预借图书
  • 作者相关作品
  • 分类相关作品
  • 丛书相关作品
  • 出版社相关作品

书目信息

  • 表格格式
  • 工作单格式
  • 卡片格式
题名:
现代图案设计与应用
    
 
作者: 周建 , 于芳 编著
分册:  
出版信息: 北京   中国轻工业出版社  2005
页数: 197页
开本: 29cm
丛书名:
单 册:
中图分类: J51
科图分类:
主题词: 图案--设计--高等学校--教材
电子资源:
ISBN: 7-5019-4901-8
000 01108nam0 2200313 450
000 01071nam0 2200301 450
000 01069nam0 2200313 450
000 01015nam0 2200289 450
000 01044nam0 2200277 450
000 01007nam0 2200265 45
001 TS2006030423
005 20061228173449.57
010    @a7-5019-4901-8@dCNY36.00
100    @a20060829d2005 em y0chiy0120 ea
101 0  @achi
102    @aCN@b110000
105    @aa z 000yy
200 1  @a现代图案设计与应用@AXian Dai Tu An She Ji Yu Ying Yong@f周建,于芳编著@FZhou Jian, Yu Fang Bian Zhu
210    @a北京@c中国轻工业出版社@d2005
215    @a197页@c图@d29cm
330    @a本书内容由文字和图案设计作品、图案应用作品三部分组成。有针对性地在设计作品旁,以精炼的语言解析作者创作思维、作品内涵及形式、手法等。
606 0  @a图案@x设计@x高等学校@x教材
690    @aJ51@v4
701  0 @a周建@AZhou Jian@4编著
701  0 @a于芳@AYu Fang@4编著
801  0 @aCN@b中图数据@c20061228
905    @a10447@dJ51@e193
    
    现代图案设计与应用/周建,于芳编著.-北京:中国轻工业出版社,2005
    197页:图;29cm
    
    
    ISBN 7-5019-4901-8:CNY36.00
    本书内容由文字和图案设计作品、图案应用作品三部分组成。有针对性地在设计作品旁,以精炼的语言解析作者创作思维、作品内涵及形式、手法等。
●
相关链接 在E读中查询图书 在五车中查询图书 在当当中查询图书 在豆瓣中查询图书


正题名:现代图案设计与应用     索取号:J51/193         预约/预借

序号 登录号 条形码 馆藏地/架位号 状态 备注
1 0602784   206027841   第一样本阅览室/ [索取号:J51/193] 在馆    
2 0602785   206027850   第一借阅区/ [索取号:J51/193] 在馆    
3 0602786   206027869   第一借阅区/ [索取号:J51/193] 在馆    
4 0602787   206027878   第一借阅区/ [索取号:J51/193] 在馆    
5 0602788   206027887   第一借阅区/ [索取号:J51/193] 在馆    
6 0602789   206027896   第一借阅区/ [索取号:J51/193] 在馆    
唐山师范学院图书馆 欢迎您!
大连网信软件有限公司© 版权所有